Budoucí historie privatizace. 2. 1992-2022.

Skúmanie dôsledkov britskej privatizácie v energetike, telekomunikáciách, v školstve a zdravotníctve, vo väzenstve a polícii, v advokácii a súdnictve a v komunálnych službách. Predpoklad vývoja situácie v oblasti zvláštnej pomoci, v obrane do r. 2015 a v prezidentských voľbách v r. 2024.

Saved in:
Bibliographic Details
Format: Book Chapter
Language:Czech
Subjects:
Tags: Add Tag
No Tags, Be the first to tag this record!

MARC

LEADER 00000naa a2200000 4500
001 r009046
005 20220831084445.4
041 0 |a cze 
044 |a [CS] 
245 1 0 |a Budoucí historie privatizace. 2. 1992-2022. 
520 |a Skúmanie dôsledkov britskej privatizácie v energetike, telekomunikáciách, v školstve a zdravotníctve, vo väzenstve a polícii, v advokácii a súdnictve a v komunálnych službách. Predpoklad vývoja situácie v oblasti zvláštnej pomoci, v obrane do r. 2015 a v prezidentských voľbách v r. 2024. 
610 2 0 |a privatizácia 
610 2 0 |a sektor verejný 
610 2 0 |a Veľká Británia 
610 2 0 |a prognózy 
610 2 0 |a pomoc hospodárska 
610 2 0 |a 1992-2022